000 00472cam a2200181ua 4500
020 _a0-471-279315
041 _aeng
_h
082 _a551.48
_bLAL/TR
100 _aLal, R .
245 _aTropical agricultural hydrology: Watershed management and land use /
_cR Lal.
_hTextual Documents
250 _a1 /
_b.
260 _aLondon :
_bJohn Wiley & Sons ,
_c1981.
300 _a482 ; .
504 _a
700 1 _aRussell, E W .
942 _cBK
999 _c9773
_d9773